| 000 | 00915nam a2200277Ia 4500 | ||
|---|---|---|---|
| 003 | OSt | ||
| 005 | 20221007070852.0 | ||
| 006 | a|||||r|||| 00| 0 | ||
| 007 | ta | ||
| 008 | 221006b |||||||| |||| 00| 0 eng d | ||
| 020 | _a9788131608739 | ||
| 024 | _a45,396 | ||
| 037 | _cTextual | ||
| 040 |
_aFLL _cFLL _beng |
||
| 041 |
_2eng _aeng |
||
| 082 | _aY15-72:(Z,922).29W, Q7 | ||
| 100 |
_aPEREIRA Melvil Ed. _9687863 |
||
| 245 | 0 |
_aGender implication of tribal customary law _b cases of North-East India |
|
| 260 |
_aJaipur _bRawat Publication India _c2017 |
||
| 300 |
_axiii,244p. _ccm. |
||
| 700 |
_a ATHPARIA R.P. Ed. _9687864 |
||
| 700 |
_a CHANGMI Sunumi Ed. _9687865 |
||
| 700 |
_a CHETIA Jyotikona Ed. _9687866 |
||
| 942 |
_hY15-72:(Z,922).29W, Q7 _cTEXL _2CC |
||
| 999 |
_c1141767 _d1141767 |
||